5HLuxD.jpg

KING HENRY VIII SENIOR AND PRIMARY SCHOOL LIBRARY OPAC

SCIENCE COMICS DINOSAURS FOSSILS AND FEATHERS (Record no. 6139)

000 -LEADER
fixed length control field 00762nam a22002177a 4500
005 - DATE AND TIME OF LATEST TRANSACTION
control field 20260317111234.0
008 - FIXED-LENGTH DATA ELEMENTS--GENERAL INFORMATION
fixed length control field 260317b ||||| |||| 00| 0 eng d
020 ## - INTERNATIONAL STANDARD BOOK NUMBER
International Standard Book Number 9781626721432
040 ## - CATALOGING SOURCE
Transcribing agency KH8
082 ## - DEWEY DECIMAL CLASSIFICATION NUMBER
Classification number 567.9
100 ## - MAIN ENTRY--PERSONAL NAME
Personal name REED,MK
Relator term AUTHOR
245 ## - TITLE STATEMENT
Title SCIENCE COMICS DINOSAURS FOSSILS AND FEATHERS
260 ## - PUBLICATION, DISTRIBUTION, ETC.
Place of publication, distribution, etc. 120 Broadway,New York,NY 10271
Name of publisher, distributor, etc. First Second
Date of publication, distribution, etc. ©2016
300 ## - PHYSICAL DESCRIPTION
Extent 117 pages
Other physical details colour illustration
Dimensions 15cm x 21cm
520 ## - SUMMARY, ETC.
Summary, etc. This fascinating look at dinosaur science covers the last 150 years of dinosaur hunting, and illuminates how our ideas about dinosaurs have changed. -Library Thing-
650 ## - SUBJECT ADDED ENTRY--TOPICAL TERM
Topical term or geographic name entry element Non Fiction
655 ## - INDEX TERM--GENRE/FORM
Genre/form data or focus term Science and Nature
655 ## - INDEX TERM--GENRE/FORM
Genre/form data or focus term Prehistoric
700 ## - ADDED ENTRY--PERSONAL NAME
Personal name Flood Joe
Relator term Author
942 ## - ADDED ENTRY ELEMENTS (KOHA)
Source of classification or shelving scheme
Koha item type Books - Non Ficton
Holdings
Withdrawn status Lost status Source of classification or shelving scheme Damaged status Not for loan Collection code Permanent Location Current Location Shelving location Date acquired Full call number Barcode Date last seen Price effective from Koha item type Public note
          Non-Fiction KH8 Primary School Library KH8 Primary School Library Non Fiction 2026-03-17 567.9 REE KHPL000008351 2026-03-17 2026-03-17 Books - Non Ficton PRIMARY LIBRARY

Powered By KH8 IT Dept